000 00588nam a2200181Ia 4500
003 GCL
008 140319s9999 xx 000 0 ara d
040 _aGCL /
_cGCL
082 0 4 _a150
_bم ا
100 1 _aمحمود السيد ابوالنيل
245 1 0 _aاختبار الشخصية الاسقاطى الجمعى: دارسات عربية /
_cمحمود السيد ابوالنيل
300 _a351 ص
490 _aسلسلة علم النفس
_v0
650 0 4 _aعلم النفس
650 0 4 _aالشخصية
650 0 4 _aالاختبارات الشخصية
942 _2ddc
_cBK
999 _c42651
_d42651